| 000 | 00867nam a2200217 4500 | ||
|---|---|---|---|
| 001 | 179972 | ||
| 003 | ES-MaACL | ||
| 005 | 20230906220946.0 | ||
| 008 | 120308s1920 sp | |||| ||spa d | ||
| 080 | _a929.6(038) | ||
| 100 | 1 |
_aGarcía Carraffa, Arturo. _954343 |
|
| 245 | 1 | 0 |
_aDiccionario de los términos del blasón _b: métodos de blasonar : índices de lemas heráldicos / _cpor Arturo y Alberto García Carraffa. |
| 260 |
_aMadrid : _b[s.n.], _c1920 ( _fImp. Antonio Marzo) |
||
| 300 |
_a183 p. : _bil. col. y n. ; _c28 cm. |
||
| 490 | 1 |
_aEnciclopedia heráldica y genealógica hispano-americana ; _vt. 2 |
|
| 650 | 0 | 4 |
_aHeráldica- _vDiccionarios. _913316 |
| 700 | 0 |
_aGarcía Carraffa, Alberto. _954342 |
|
| 830 | 0 |
_aEnciclopedia heráldica y genealógica hispano-americana ; _vt. 2 _9191150 |
|
| 852 |
_aES-MaACL _jJ-58 (2) |
||
| 999 |
_c179972 _d179972 |
||